Statistiques concernant Drapeaux des pays frontaliers de l'Allemagne

Cliquez ici pour prendre le quiz!

Statistiques générales

  • Ce quiz a été pris 7 557 fois
  • Le résultat moyen est 8 sur 9

Statistiques - réponses

Réponse% Correct
France
100%
Suisse
99%
Belgique
95%
Pays-Bas
94%
Pologne
91%
Autriche
89%
Danemark
89%
Luxembourg
87%
République tchèque
87%

Distribution des résultats

Percentile par nombre de réponses

% des personnes avec chaque résultat

Votre développement - résultats

Vous n’avez pas pris ce quiz